000 00608nam a2200169 a 4500
008 060316s1972 ||||||||||||||||| || u
020 _a0471420654
050 _aDT 352.4 Hul
100 _aHull, Richard W
245 1 0 _aMunyakare: African civilization before the batuuree
260 _aNew York :
_bJohn Wiley and Sons
_c1972
300 _ax, 232 p.
350 _a0.00
500 _aIncludes bibliographies
650 _aTEXTBOOKS
995 _D0.00
_FCBU-MAIN LIBRARY (Kitwe)
_H1
_I14.95
_M1
_UAVAILABLE
_WSep 7, 2006
_ZMain Library Open Access Collection
999 _c51823
_d51823